Programming Windows (Record no. 307532)

MARC details
000 -LEADER
fixed length control field 00417nam a2200169Ia 4500
008 - FIXED-LENGTH DATA ELEMENTS--GENERAL INFORMATION
fixed length control field 230718s9999 xx 000 0 und d
041 ## - LANGUAGE CODE
Language code of text/sound track or separate title eng
082 ## - DEWEY DECIMAL CLASSIFICATION NUMBER
Classification number 005.2684
Item number PET
100 ## - MAIN ENTRY--PERSONAL NAME
Personal name Petzold C.
245 ## - TITLE STATEMENT
Title Programming Windows
250 ## - EDITION STATEMENT
Edition statement 5th ed.
260 ## - PUBLICATION, DISTRIBUTION, ETC. (IMPRINT)
Date of publication, distribution, etc. 2003
Name of publisher, distributor, etc. Microsoft Press
300 ## - PHYSICAL DESCRIPTION
Extent 1479
365 ## - TRADE PRICE
Currency code Rs.
Price amount 725.00
700 ## - ADDED ENTRY--PERSONAL NAME
Personal name Petzold C.
906 ## - LOCAL DATA ELEMENT F, LDF (RLIN)
d B:19901/23.3.200415-Aug-2005
c COMP
b 145
Holdings
Withdrawn status Lost status Damaged status Not for loan Home library Current library Date acquired Vendor Budget Code Cost, normal purchase price Bill number Full call number Barcode Date last seen Discount Cost, replacement price Bill Date Koha item type Original Barcode
Withdrawn       Cummins College of Engineering for Women Pune Cummins College of Engineering for Women Pune 24/03/2004 Goels Computer Hut COMP 580.00 19901/23.3.2004 005.2684 CCEP-BK-18739 18/07/2023 145 725.00 15/08/2005 Books 018739